Guide to alternative periodicals /

Bibliographic Details
Other Authors: Carnahan, Don
Format: Book
Language:English
Published: St. Petersburg Beach, Fla. : Sunspark Press, 1977.
Edition:2nd ed.
Subjects:

MARC

Tag First Indicator Second Indicator Subfields
LEADER 00000cam a2200000 a 4500
001 in00000075114
005 20151008060314.0
008 780210s1977 flu b 00100 eng d
035 |a (OCoLC)03625544 
035 |9 AAJ5515AM 
040 |a NAM  |c NAM  |d TXA  |d UtOrBLW 
043 |a n-us--- 
049 |a TXAM  |c [1655337] 
090 |a HN65  |b .G85 1977 
245 0 0 |a Guide to alternative periodicals /  |c [compiled and edited by Don Carnahan]. 
250 |a 2nd ed. 
264 1 |a St. Petersburg Beach, Fla. :  |b Sunspark Press,  |c 1977. 
300 |a 69 pages ;  |c 22 cm. 
336 |a text  |b txt  |2 rdacontent 
337 |a unmediated  |b n  |2 rdamedia 
338 |a volume  |b nc  |2 rdacarrier 
500 |a Cover title. 
500 |a Includes index. 
650 0 |a Social change  |v Periodicals  |x Bibliography. 
651 0 |a United States  |x Social conditions  |y 1945-  |v Periodicals  |x Bibliography. 
700 1 |a Carnahan, Don. 
999 |a MARS 
999 f f |s 175b387a-7b8b-3e59-97d0-d34a316c2e83  |i cdfa711d-9dd0-3d95-bf07-d1656e28b35d  |t 0 
952 f f |p ric  |a Texas A&M University  |b Rellis Campus  |c Joint Library Facility  |s JLF  |d Remote Storage  |t 0  |e HN65 .G85 1977  |h Library of Congress classification  |i unmediated -- volume  |m A14806140481 
998 f f |a HN65 .G85 1977  |t 0  |l Remote Storage